Statistics for Countries by Colonies

Click here to take the quiz!

General Stats

  • This quiz has been taken 85 times
  • The average score is 12 of 16

Answer Stats

HintAnswer% Correct
Equatorial Africa, Madagascar, GuianaFrance
99%
Mexico, New Granada, PeruSpain
97%
East Indies, New Amsterdam, SurinameNetherlands
95%
Angola, Goa, MacauPortugal
95%
Somaliland, Eritrea, LibyaItaly
94%
Greenland, Norway, IcelandDenmark
92%
Korea, Taiwan, ManchukuoJapan
92%
Alaska*, Fort ElizabethRussia
92%
Rwanda-Urundi, CongoBelgium
91%
Kamerun, Southwest Africa, East AfricaGermany
91%
Trans-Jordan, Burma, MalayaUnited Kingdom
91%
Guam, Philippines, CubaUnited States
90%
Delaware*, Guadeloupe, TobagoSweden
51%
New Zealand, Easter Island, HawaiiPolynesia
18%
New Courland, GambiaPoland-Lithuania
13%
Kition, CarthagePhoenecia
6%

Score Distribution

Percentile by Number Answered

Percent of People with Each Score

Your Score History

You have not taken this quiz